| 000 | 01005nam a2200193 a 4500 | ||
|---|---|---|---|
| 008 | 190917t2018 ag |||g |||| 001 0 spa d | ||
| 020 | _a9789879334539 | ||
| 041 | _aspa | ||
| 092 |
_c808 _l36 _sHUI |
||
| 100 | 1 |
_aHuidobro, Norma. _94317 |
|
| 245 | 1 |
_a¿Quién conoce a Greta Garbo? / _cNorma Huidobro |
|
| 250 | _a1a ed. 17a reimp. | ||
| 260 |
_aBuenos Aires: _bNorma; _c2018. |
||
| 300 | _a237 p. | ||
| 500 | _aHuidobro, N. (2018). ¿Quién conoce a Greta Garbo?. (1a ed.). Buenos Aires : Norma. | ||
| 505 | _aPor fin conocí a Verónica Morel, claro que en la sección de policiales de un diario no era la mejor forma de conocerla. Pero ya no quedaba otra. Verónica había sido asesinada y ella, Greta, había visto esa cara en otro lugar. ¿Dónde? Tal vez en la televisión, en algún comercial, o en alguna de esas telenovelas que sus padres le tenían prohibidas pero que ella veía igual. Verónica Morel, veintisiete años, estrangulada... | ||
| 655 |
_aLiteratura _92917 |
||
| 942 |
_2ddc _cLIT |
||
| 999 |
_c3268 _d3268 |
||